Preventing and responding to corrections-based sexual abuse : a guide for community corrections professionals /

Bibliographic Details
Main Authors: Abner, Carrie E. (Author), Browning, Jane, 1947- (Author), Clark, John W., 1938- (Author)
Corporate Authors: American Probation and Parole Association (issuisng body.), International Community Corrections Association (issuisng body.), United States. Bureau of Justice Assistance
Format: Government Document eBook
Language:English
Published: [Washington, D.C.] : U.S. Department of Justice, Bureau of Justice Assistance, 2009.
Subjects:
Online Access:https://purl.fdlp.gov/GPO/gpo105663

MARC

Tag First Indicator Second Indicator Subfields
LEADER 00000cam a2200000 i 4500
001 in00004005607
005 20181024083857.0
006 m o d f
007 cr mn|||||||||
008 120409s2009 dcuab ob f000 0 eng c
035 |a (OCoLC)ocn785005205 
040 |a STF  |b eng  |e rda  |c STF  |d OCLCQ  |d OCLCO  |d OCLCF  |d OCLCO  |d OCLCA  |d OCLCQ  |d GPO  |d MvI  |d UtOrBLW 
042 |a pcc 
043 |a n-us--- 
049 |a WWW 
074 |a 0968-H-05 (online) 
086 0 |a J 26.8:P 92 
100 1 |a Abner, Carrie E.,  |e author.  |0 http://id.loc.gov/authorities/names/no2012050271 
245 1 0 |a Preventing and responding to corrections-based sexual abuse :  |b a guide for community corrections professionals /  |c American Probation and Parole Association With the International Community Corrections Association and Pretrial Justice Institute; author: Carrie E. Abner with Jane Browning, John Clark. 
264 1 |a [Washington, D.C.] :  |b U.S. Department of Justice, Bureau of Justice Assistance,  |c 2009. 
300 |a 1 online resource (viii, 64 pages) :  |b color illustrations 
336 |a text  |b txt  |2 rdacontent 
337 |a computer  |b c  |2 rdamedia 
338 |a online resource  |b cr  |2 rdacarrier 
500 |a "December 2009." 
500 |a "Through funding from the Bureau of Justice Assistance, U.S. Department of Justice." 
504 |a Includes bibliographical references (pages 50-53). 
588 |a Description based on online resource; title from PDF title page (viewed April 9, 2012). 
650 0 |a Prison violence  |z United States  |x Prevention. 
650 0 |a Rape  |z United States  |x Prevention.  |0 http://id.loc.gov/authorities/subjects/sh2010109539 
650 0 |a Sex crimes  |z United States  |x Prevention. 
650 0 |a Prisoners  |x Crimes against  |z United States. 
650 0 |a Community-based corrections  |z United States.  |0 http://id.loc.gov/authorities/subjects/sh2008100407 
650 7 |a Community-based corrections.  |2 fast  |0 (OCoLC)fst00871179 
650 7 |a Prison violence  |x Prevention.  |2 fast  |0 (OCoLC)fst01077095 
650 7 |a Prisoners  |x Crimes against.  |2 fast  |0 (OCoLC)fst01077115 
650 7 |a Rape  |x Prevention.  |2 fast  |0 (OCoLC)fst01089977 
650 7 |a Sex crimes  |x Prevention.  |2 fast  |0 (OCoLC)fst01114284 
651 7 |a United States.  |2 fast  |0 (OCoLC)fst01204155 
700 1 |a Browning, Jane,  |d 1947-  |e author.  |0 http://id.loc.gov/authorities/names/n2001098235 
700 1 |a Clark, John W.,  |d 1938-  |e author.  |0 http://id.loc.gov/authorities/names/n93084970 
710 2 |a American Probation and Parole Association,  |e issuisng body.  |0 http://id.loc.gov/authorities/names/n88617319 
710 2 |a International Community Corrections Association,  |e issuisng body.  |0 http://id.loc.gov/authorities/names/no97001109 
710 2 |a Pretrial Justice Institute,  |e issuing body.  |0 http://id.loc.gov/authorities/names/no2012050269 
710 1 |a United States.  |b Bureau of Justice Assistance.  |0 http://id.loc.gov/authorities/names/n85223203 
856 4 0 |u https://purl.fdlp.gov/GPO/gpo105663  |t 0 
999 f f |s 989c00d4-9b97-36c0-8e52-059dc83574f5  |i 9a46277a-5f37-3e10-95d2-08a7e009b02a  |t 0 
952 f f |a Texas A&M University  |b College Station  |c Electronic Resources  |d Available Online  |t 0  |e J 26.8:P 92  |h Superintendent of Documents classification 
998 f f |a J 26.8:P 92  |t 0  |l Available Online